000 00426nam a2200157 4500
001 120021
003 ES-MaACL
005 20230906191442.0
007 t|
008 070214s1979 sp r ||||1| spa d
100 1 _aPiñar, Blas.
_992252
245 1 1 _a¿Hacia la III República? /
_cBlas Piñar.
260 _aMadrid :
_bFuerza Nueva,
_c1979.
300 _a155 p. :
_bil. ;
_c21 cm.
852 _aES-MaACL
_jA-10617
_bR.99889
999 _c120021
_d120021